History Quiz

Random History Quiz

Republican Presidential Debaters Quiz Stats

 Plays Quiz not verified by Sporcle

Challenge
Share
Tweet
Embed
Score 0/10 Timer 04:00
0 Plays Today
% Correct
Mitt Romney
98.3%
Newt Gingrich
89.7%
Ron Paul
87.9%
Rick Perry
84.5%
Rick Santorum
84.5%
Herman Cain
81%
Michele Bachmann
79.3%
Jon Huntsman
70.7%
Tim Pawlenty
63.8%
Gary Johnson
58.6%

You're not logged in!

Compare scores with friends on all Sporcle quizzes.
Join for Free
OR
Log In

You Might Also Like...

Show Comments

Extras

Top Quizzes Today


Score Distribution

Your Account Isn't Verified!

In order to create a playlist on Sporcle, you need to verify the email address you used during registration. Go to your Sporcle Settings to finish the process.

Report this User

Report this user for behavior that violates our Community Guidelines.

Details: